| 000 -CABECERA |
| campo de control de longitud fija |
00681nam a2200229 a 4500 |
| 001 - NÚMERO DE CONTROL |
| campo de control |
$$a0000003882 |
| 005 - FECHA Y HORA DE LA ÚLTIMA TRANSACCIÓN |
| campo de control |
20200120221817.0 |
| 008 - DATOS DE LONGITUD FIJA--INFORMACIÓN GENERAL |
| campo de control de longitud fija |
990302s1986 espa gr0 0 000 d |
| 020 ## - NÚMERO INTERNACIONAL ESTÁNDAR DEL LIBRO |
| Número Internacional Estándar del Libro |
84-372-1325-8 |
| 090 ## - LOCALMENTE ASIGNADO TIPO-LC NÚMERO DE CLASIFICACIÓN (OCLC); NÚMERO DE CLASIFICACIÓN LOCAL (RLIN) |
| Número de clasificación (OCLC) (R) ; Numero de clasificación, CALL (RLIN) (NR) |
A |
| Número cutter local (OCLC) ; Número de libro/Signatura topográfica íntegra, CALL (RLIN) |
GARh |
| 100 0# - ENTRADA PRINCIPAL--NOMBRE DE PERSONA |
| Nombre de persona |
(García Sánchez, J.L.) |
| 245 10 - MENCIÓN DE TÍTULO |
| Título |
Soy un hotel / |
| Mención de responsabilidad, etc. |
(idea y texto: J.L. García Sánchez, M.A. Pacheco; ilustraciones: Aarin Schubert. |
| 250 ## - MENCIÓN DE EDICIÓN |
| Mención de edición |
7a. ed. |
| 260 ## - PUBLICACIÓN, DISTRIBUCIÓN, ETC. |
| Lugar de publicación, distribución, etc. |
Madrid |
| Nombre del editor, distribuidor, etc. |
Altea |
| Fecha de publicación, distribución, etc. |
1986 |
| 300 ## - DESCRIPCIÓN FÍSICA |
| Extensión |
32p. : il., col. |
| 490 ## - MENCIÓN DE SERIE |
| Mención de serie |
Primera biblioteca |
| 650 14 - PUNTO DE ACCESO ADICIONAL DE MATERIA--TÉRMINO DE MATERIA |
| Término de materia o nombre geográfico como elemento de entrada |
LITERATURA INFANTIL |
| 650 14 - PUNTO DE ACCESO ADICIONAL DE MATERIA--TÉRMINO DE MATERIA |
| Término de materia o nombre geográfico como elemento de entrada |
CUENTOS ESPAÑOLES |
| 650 14 - PUNTO DE ACCESO ADICIONAL DE MATERIA--TÉRMINO DE MATERIA |
| Término de materia o nombre geográfico como elemento de entrada |
LIBROS ILUSTRADOS PARA NIÑOS |
| 700 1# - PUNTO DE ACCESO ADICIONAL--NOMBRE DE PERSONA |
| Nombre de persona |
Pacheco, M.A. |
| 700 1# - PUNTO DE ACCESO ADICIONAL--NOMBRE DE PERSONA |
| Nombre de persona |
Schubert, Aarin, il. |